| 000 | 00482nam a22001817a 4500 | ||
|---|---|---|---|
| 003 | PILC | ||
| 005 | 20150902143612.0 | ||
| 008 | 150902b xxu||||| |||| 00| 0 eng d | ||
| 020 | _a0747517568 | ||
| 050 |
_aBJ 1853 _b.R328 1992 |
||
| 100 | _aRees, Nigel. | ||
| 245 |
_aGood manners / _bNigel Rees. |
||
| 260 |
_aLondon : _bBloomsbury Publishing Limited, _c1992. |
||
| 300 |
_axxiii, 360 pages ; _c20 cm. |
||
| 500 | _aIncludes index. | ||
| 650 | _aEtiquette. | ||
| 942 |
_2lcc _cBK |
||
| 999 |
_c288577 _d288577 |
||